| 000 | 00524nam a2200181Ia 4500 | ||
|---|---|---|---|
| 999 |
_c28402 _d28402 |
||
| 003 | OSt | ||
| 005 | 20201211151810.0 | ||
| 008 | 190216s9999||||xx |||||||||||||| ||und|| | ||
| 020 | _a8187333375 | ||
| 040 | _coclc | ||
| 082 |
_a894.8124 _bVIJ/E |
||
| 100 |
_aVijayan, Pinarayi _97196 |
||
| 245 | 0 |
_aEdathupaksham Cheyyendathu / _cPinarayi Vijayan |
|
| 260 |
_bFabian Books, _aAlappuzha: _c2005. |
||
| 300 | _a99p | ||
| 650 | _aMalayalam Essays | ||
| 942 |
_cBK _2ddc _h894.8124 _iVIJ/E _k894.8124 _mVIJ/E |
||